000 00489nam a2200193 a 4500
001 1770381888810
003 YourLibrary
005 20260206181647.0
008 260206s1992##################000#0#eng##
020 _a9781852786809
082 0 4 _a306.0947
_bLAN
100 1 _aLane, David,
_eauthor.
245 1 0 _aRussia in Flux :
260 _bEdward Elgar Publishing,
_c1992.
300 _a280 pages
650 0 _aHistory.
942 _cENGLISH
040 _aYourLibrary
_beng
_cYourLibrary
999 _c610747
_d610747